Study of the dynamics of the accumulation of chemical elements by moss-transplants; Энерго-ресурсоэффективность в интересах устойчивого развития

Dades bibliogràfiques
Parent link:Энерго-ресурсоэффективность в интересах устойчивого развития.— 2018.— [С. 252]
Autor principal: Kolotova Е. А.
Autor corporatiu: Национальный исследовательский Томский политехнический университет Инженерная школа ядерных технологий Отделение ядерно-топливного цикла
Altres autors: Rogova N. S. Natalya Sergeevna, Ryzhakova (Rizhakova) N. K. Nadezhda Kirillovna
Sumari:Заглавие с экрана
Idioma:anglès
Publicat: 2018
Col·lecció:Экологический мониторинг
Matèries:
Accés en línia:http://earchive.tpu.ru/handle/11683/52204
Format: MixedMaterials Electrònic Capítol de llibre
KOHA link:https://koha.lib.tpu.ru/cgi-bin/koha/opac-detail.pl?biblionumber=628818

MARC

LEADER 00000naa2a2200000 4500
001 628818
005 20240206125635.0
035 |a (RuTPU)RU\TPU\conf\29099 
035 |a RU\TPU\conf\29098 
090 |a 628818 
100 |a 20181212d2018 k y0rusy50 ba 
101 0 |a eng 
102 |a RU 
105 |a y z 101zy 
135 |a drgn ---uucaa 
181 0 |a i  
182 0 |a b 
200 1 |a Study of the dynamics of the accumulation of chemical elements by moss-transplants  |f Е. А. Kolotova, N. S. Rogova, N. K. Ryzhakova 
203 |a Текст  |c электронный 
225 1 |a Экологический мониторинг 
300 |a Заглавие с экрана 
320 |a [Библиогр.: с. 252 (1 назв.)] 
463 0 |0 (RuTPU)RU\TPU\conf\28968  |t Энерго-ресурсоэффективность в интересах устойчивого развития  |o сборник научных трудов международной научной конференции, г. Томск, 12–16 ноября 2018 г.  |f Национальный исследовательский Томский политехнический университет (ТПУ)  |v [С. 252]  |d 2018 
610 1 |a электронный ресурс 
610 1 |a труды учёных ТПУ 
610 1 |a динамика 
610 1 |a накопление 
610 1 |a химические элементы 
610 1 |a мхи 
610 1 |a биоиндикаторы 
610 1 |a биомониторинг 
610 1 |a трансплантация 
610 1 |a нейтронно-активационные методы 
700 1 |a Kolotova  |b Е. А. 
701 1 |a Rogova  |b N. S.  |c Physicist  |c Associate Professor of Tomsk Polytechnic University, Candidate of Technical Sciences  |f 1986-  |g Natalya Sergeevna  |3 (RuTPU)RU\TPU\pers\32213  |9 16213 
701 1 |a Ryzhakova (Rizhakova)  |b N. K.  |c Physicist  |c Associate Professor of Tomsk Polytechnic University, Candidate of physical and mathematical sciences  |f 1947-  |g Nadezhda Kirillovna  |3 (RuTPU)RU\TPU\pers\32212  |9 16212 
712 0 2 |a Национальный исследовательский Томский политехнический университет  |b Инженерная школа ядерных технологий  |b Отделение ядерно-топливного цикла  |3 (RuTPU)RU\TPU\col\23554 
801 2 |a RU  |b 63413507  |c 20181218  |g RCR 
856 4 |u http://earchive.tpu.ru/handle/11683/52204 
942 |c BK